00421nam a22001577a 4500003000400000008004100004020001800045082001700063100001700080245004800097250001900145260002900164300000800193650002500201700003700226OSt201119b ||||| |||| 00| 0 eng d a9789352868599 a004.678bDEI aDEITEL, Paul aInternet and World Wide Web: How to Program a7th Imp 5th Ed aNew DelhibPearsonc2021 a962 aBachelor of Commerce aDEITEL, Harvey and DEITEL, Abbey